=LDR 00000nam 2200000 4500 =001 INLIS000000000048268 =005 20161013152112.0 =006 =007 =008 =020 ##$$a 979-8190-00-9 =035 ##$$0010-101600000000026 =040 ##$$a ind =082 ##$$a 657.07 =090 ##$$a 657.07 $b Soe =100 ##$$a Soemarso, SR =245 ##$$a Akuntansi untuk SMTA =250 ##$$a Ed. I =260 ##$$a Jakarta $b Salemba Empat $c 1989 =850 ##$$a NBPNMAT =990 ##$$a 0001/BPAP-NTB/2016